| 000 | 00773nam a2200241 i 4500 | ||
|---|---|---|---|
| 001 | 000028855 | ||
| 003 | DO-SdBNP | ||
| 005 | 20241029133708.0 | ||
| 007 | ta | ||
| 008 | 110412s1974 dr a 000 | spa d | ||
| 040 |
_aDO-SdBNP _bspa _cBNPHU _erda |
||
| 082 |
_axxx _bA778a _222 |
||
| 100 | 1 |
_aArrom, José Juan, _d1910-2007 _eautor _925397 |
|
| 245 | 1 | 0 |
_aAportaciones lingüísticas al conocimiento de la cosmovisión taina / _cJosé Juan Arrom. |
| 264 |
_aSanto Domingo : _bEdiciones Fundación García Arévalo, _c1974. |
||
| 300 |
_a24 páginas : _bilustraciones ; _c21 cm. |
||
| 336 |
_ardacontent _btexto _2txt |
||
| 337 |
_ardamedia _bsin mediación _2n |
||
| 338 |
_ardacarrier _bvolumen _2nc |
||
| 590 | _aInventariado, 2024/DG | ||
| 910 | _aDG | ||
| 942 |
_2ddc _cLF2 |
||
| 999 |
_c28347 _d28347 |
||